000
00328nam a22001337a 4500
008
181217b xxu||||| |||| 00| 0 eng d
020
_a
0442288212
041
_a
eng
080
_a
721
100
_a
41
101
_a
NDE
245
_a
Earth Sheltered housing design guidelines, examples, and references
_c
VNR
942
_2
udc
_c
BK
999
_c
53222
_d
53222